00181nam a22000857a 4500082000800000100002200008245003400030260002300064300000800087 aIJA aIjaz Hussain Khan aCorrosin technology Volum 1 aLahorebAFAQc2010 a476